[Event "ESP-ch Seniors 50+"]
[Site "Altea"]
[Date "2017.10.12"]
[Round "6"]
[White "Mancebo Ibanez, Fernando"]
[Black "Acebal Muniz, Antonio"]
[Result "0-1"]
[WhiteElo "2100"]
[BlackElo "2091"]
[PlyCount "112"]
[EventDate "2017.10.07"]
[EventType "swiss"]
[EventRounds "9"]
[EventCountry "ESP"]
[SourceTitle "CBM 181 Extra"]
[Source "ChessBase"]
[SourceDate "2017.12.12"]
[SourceVersion "1"]
[SourceVersionDate "2017.12.12"]
[SourceQuality "1"]

1. d4 d5 2. c4 e6 3. Nf3 Nf6 4. Nc3 Be7 5. Bf4 0-0 6. e3 c5 7. dxc5 Bxc5 8. Qc2 Nc6 9. a3 Qa5 10. 0-0-0 Be7 11. g4 dxc4 12. Bxc4 e5 13. g5 exf4 14. gxf6 Bxf6 15. Nd5 Ne7 16. Nxf6+ gxf6 17. Rhg1+ Kh8 18. Qe4 Qc5 19. Qxf4 Bf5 20. b4 Qc6 21. Kb2 Rac8 22. Rc1 Qe4 23. Qxe4 Bxe4 24. Nd2 Bc6 25. b5 Bd5 26. Bxd5 Nxd5 27. Ne4 Rcd8 28. Ng3 Rfe8 29. Rgd1 Kg8 30. Kb3 Kf8 31. Rd4 Nb6 32. Rcd1 Rxd4 33. Rxd4 Re5 34. a4 Ke7 35. h4 Nd7 36. h5 b6 37. Kb4 Nc5 38. f4 Re6 39. Nf5+ Kf8 40. Rd8+ Re8 41. Rxe8+ Kxe8 42. Nd6+ Kd7 43. Nxf7 Ne4 44. Nh6 Ng3 45. Kc4 Ke6 46. Kd3 f5 47. Ng8 Kf7 48. Nh6+ Kg7 49. Nxf5+ Nxf5 50. e4 Ng3 51. h6+ Kxh6 52. e5 Kg6 53. Kd4 h5 54. Kd5 h4 55. Kd6 h3 56. e6 h2 0-1

[Event "Benidorm op U2300 13th"]
[Site "Benidorm"]
[Date "2014.12.03"]
[Round "6"]
[White "Acebal Muniz, Antonio"]
[Black "Belousov, Gennadiy"]
[Result "1/2-1/2"]
[WhiteElo "2127"]
[BlackElo "2222"]
[PlyCount "33"]
[EventDate "2014.11.28"]
[EventType "swiss"]
[EventRounds "10"]
[EventCountry "ESP"]
[SourceTitle "CBM 163 Extra"]
[Source "ChessBase"]
[SourceDate "2014.12.23"]
[SourceVersion "1"]
[SourceVersionDate "2014.12.23"]
[SourceQuality "1"]

1. Nf3 d5 2. d4 Nf6 3. c4 dxc4 4. e3 Bg4 5. Bxc4 e6 6. Nc3 Nbd7 7. h3 Bh5 8. e4 Nb6 9. Be2 Bb4 10. Qd3 0-0 11. a3 Be7 12. Be3 Nbd7 13. Qc4 Bg6 14. Bd2 Nb6 15. Qa2 Nbd7 16. Qc4 Nb6 17. Qa2 1/2-1/2

[Event "Benidorm op U2300 11th"]
[Site "Benidorm"]
[Date "2012.12.06"]
[Round "8"]
[White "Acebal Muniz, Antonio"]
[Black "Plaza Agudo, Juan Francisco"]
[Result "1/2-1/2"]
[WhiteElo "2160"]
[BlackElo "2003"]
[PlyCount "31"]
[EventDate "2012.11.30"]
[EventType "swiss"]
[EventRounds "10"]
[EventCountry "ESP"]
[SourceTitle "EXT 2014"]
[Source "ChessBase"]
[SourceDate "2013.11.20"]
[SourceVersion "1"]
[SourceVersionDate "2013.11.20"]
[SourceQuality "1"]

1. Nf3 b6 2. c4 Bb7 3. d4 Nf6 4. g3 e6 5. Bg2 Be7 6. 0-0 0-0 7. Nc3 d6 8. Qc2 Nbd7 9. Rd1 a6 10. b3 c5 11. Bb2 Qc7 12. Rac1 Rfd8 13. e4 cxd4 14. Nxd4 Ne8 15. Qe2 Rac8 16. Nc2 1/2-1/2

[Event "Benidorm op U2300 10th"]
[Site "Benidorm"]
[Date "2011.12.08"]
[Round "8"]
[White "Acebal Muniz, Antonio"]
[Black "Silva Rodriguez, Fernando"]
[Result "1/2-1/2"]
[WhiteElo "2113"]
[BlackElo "2182"]
[PlyCount "44"]
[EventDate "2011.12.02"]
[EventType "swiss"]
[EventRounds "10"]
[EventCountry "ESP"]
[SourceTitle "CBM 145 Extra"]
[Source "ChessBase"]
[SourceDate "2012.01.03"]
[SourceVersion "1"]
[SourceVersionDate "2012.01.03"]
[SourceQuality "1"]

1. Nf3 d5 2. d4 Nf6 3. c4 e6 4. Nc3 Bb4 5. Qa4+ Nc6 6. Ne5 Bd7 7. Nxd7 Qxd7 8. a3 Be7 9. e3 a6 10. cxd5 exd5 11. Bd3 0-0 12. 0-0 Bd6 13. Qd1 Rfe8 14. Qf3 Rad8 15. Qf5 Ne7 16. Qxd7 Rxd7 17. Na4 Ng6 18. b4 Rdd8 19. Bb2 Ra8 20. Nc5 Ra7 21. Rfc1 Rea8 22. Bc3 b6 1/2-1/2

[Event "Benidorm op U2300 10th"]
[Site "Benidorm"]
[Date "2011.12.06"]
[Round "6"]
[White "Acebal Muniz, Antonio"]
[Black "Sanchez Jerez, Emilio Miguel"]
[Result "1-0"]
[WhiteElo "2113"]
[BlackElo "2288"]
[PlyCount "49"]
[EventDate "2011.12.02"]
[EventType "swiss"]
[EventRounds "10"]
[EventCountry "ESP"]
[SourceTitle "CBM 145 Extra"]
[Source "ChessBase"]
[SourceDate "2012.01.03"]
[SourceVersion "1"]
[SourceVersionDate "2012.01.03"]
[SourceQuality "1"]

1. Nf3 Nf6 2. c4 g6 3. Nc3 d6 4. d4 Bf5 5. Nh4 Bd7 6. e4 Bg7 7. Be2 0-0 8. e5 Ne8 9. Nf3 c5 10. exd6 exd6 11. Bg5 f6 12. Be3 b6 13. dxc5 dxc5 14. Qd5+ Rf7 15. Rd1 Nc6 16. 0-0 Qc8 17. Rfe1 h6 18. Nh4 Be6 19. Qd2 Kh7 20. Nd5 g5 21. Bd3+ f5 22. Bxg5 hxg5 23. Qxg5 Nf6 24. Qg6+ Kg8 25. Rxe6 1-0

[Event "Benidorm op U2300 10th"]
[Site "Benidorm"]
[Date "2011.12.05"]
[Round "4"]
[White "Exposito Amaro, Josue"]
[Black "Acebal Muniz, Antonio"]
[Result "1-0"]
[WhiteElo "2250"]
[BlackElo "2113"]
[PlyCount "49"]
[EventDate "2011.12.02"]
[EventType "swiss"]
[EventRounds "10"]
[EventCountry "ESP"]
[SourceTitle "CBM 145 Extra"]
[Source "ChessBase"]
[SourceDate "2012.01.03"]
[SourceVersion "1"]
[SourceVersionDate "2012.01.03"]
[SourceQuality "1"]

1. e4 e5 2. Nf3 Nc6 3. d4 exd4 4. Bc4 Nf6 5. e5 d5 6. Bb5 Ne4 7. Nxd4 Bc5 8. Be3 Bd7 9. Bxc6 bxc6 10. Nd2 Qe7 11. Nxe4 dxe4 12. e6 fxe6 13. Qh5+ g6 14. Qe5 0-0 15. Nxc6 Bb4+ 16. Nxb4 Qxb4+ 17. c3 Qxb2 18. 0-0 Qb5 19. Qxc7 Rfc8 20. Qf4 Qf5 21. Qd6 Bb5 22. Rfb1 Rxc3 23. Rxb5 Qxb5 24. Qxe6+ Kf8 25. Bh6# 1-0

[Event "Benidorm op U2300 09th"]
[Site "Benidorm"]
[Date "2010.12.11"]
[Round "10"]
[White "Acebal Muniz, Antonio"]
[Black "Barzanu, Iulian"]
[Result "1/2-1/2"]
[WhiteElo "2166"]
[BlackElo "2242"]
[PlyCount "23"]
[EventDate "2010.12.03"]
[EventType "swiss"]
[EventRounds "10"]
[EventCountry "ESP"]
[SourceTitle "CBM 139 Extra"]
[Source "ChessBase"]
[SourceDate "2011.01.05"]
[SourceVersion "1"]
[SourceVersionDate "2011.01.05"]
[SourceQuality "1"]

1. Nf3 c5 2. c4 Nf6 3. Nc3 Nc6 4. d4 cxd4 5. Nxd4 e6 6. e4 Bb4 7. Nxc6 dxc6 8. Qxd8+ Kxd8 9. f3 e5 10. Be3 Be6 11. 0-0-0+ Kc7 12. Kc2 1/2-1/2

[Event "Oviedo Fapa op"]
[Site "Oviedo"]
[Date "2010.01.05"]
[Round "9"]
[White "Alvarez Fernandez, Enrique"]
[Black "Acebal Muniz, Antonio"]
[Result "1-0"]
[WhiteElo "2344"]
[BlackElo "2171"]
[PlyCount "95"]
[EventDate "2009.12.26"]
[EventType "swiss"]
[EventRounds "9"]
[EventCountry "ESP"]
[SourceTitle "CBM 134 Extra"]
[Source "ChessBase"]
[SourceDate "2010.03.03"]
[SourceVersion "1"]
[SourceVersionDate "2010.03.03"]
[SourceQuality "1"]

1. d4 d5 2. Bf4 c5 3. e3 Qb6 4. Nc3 Nf6 5. a3 Bd7 6. Rb1 g6 7. Be5 Be6 8. dxc5 Qxc5 9. b4 Qc8 10. Nb5 Na6 11. Nd6+ exd6 12. Bxf6 Rg8 13. Bb5+ Bd7 14. Qxd5 Bxb5 15. Qxb5+ Qc6 16. Qxc6+ bxc6 17. Nf3 Bg7 18. Bxg7 Rxg7 19. Ke2 f5 20. h4 Nc7 21. c4 Re7 22. Kd3 Kd7 23. g3 a5 24. b5 cxb5 25. cxb5 Ne6 26. Nd4 Nc5+ 27. Ke2 h5 28. Rhd1 a4 29. Nc6 Re4 30. Rbc1 Kc7 31. Nb4 Re6 32. Nd5+ Kb7 33. Nf4 Rf6 34. Nd3 Kb6 35. Nxc5 dxc5 36. Rd5 Rc8 37. Rb1 Re6 38. Kd3 Ra8 39. Kc3 Rc8 40. Rd7 Rce8 41. Rbd1 Kxb5 42. Ra7 R8e7 43. Rb1+ Kc6 44. Rxa4 Kd5 45. Rd1+ Kc6 46. Ra8 Rb7 47. a4 Re4 48. Ra6+ 1-0

[Event "Oviedo Fapa op"]
[Site "Oviedo"]
[Date "2009.12.30"]
[Round "5"]
[White "Acebal Muniz, Antonio"]
[Black "Pelaez Murias, Eduardo"]
[Result "1-0"]
[WhiteElo "2171"]
[BlackElo "1542"]
[PlyCount "55"]
[EventDate "2009.12.26"]
[EventType "swiss"]
[EventRounds "9"]
[EventCountry "ESP"]
[SourceTitle "CBM 134 Extra"]
[Source "ChessBase"]
[SourceDate "2010.03.03"]
[SourceVersion "1"]
[SourceVersionDate "2010.03.03"]
[SourceQuality "1"]

1. Nf3 Nf6 2. c4 g6 3. Nc3 d6 4. d4 Bg7 5. e4 0-0 6. Be2 Bg4 7. Be3 Nc6 8. d5 Bxf3 9. Bxf3 Ne5 10. Be2 c6 11. 0-0 cxd5 12. cxd5 a6 13. Qb3 Ned7 14. f3 b5 15. a4 bxa4 16. Nxa4 Ne8 17. Rfc1 f5 18. Qc2 fxe4 19. Qxe4 Nc7 20. Bc4 Ne5 21. Ra2 Nxc4 22. Rxc4 Nb5 23. Nb6 Rb8 24. Rxa6 Bxb2 25. Rb4 Nc7 26. Ra7 Be5 27. Qc4 Ne8 28. Rd7 1-0

[Event "Oviedo Fapa op"]
[Site "Oviedo"]
[Date "2009.12.26"]
[Round "1"]
[White "Acebal Muniz, Antonio"]
[Black "Rodriguez Guerra, Jesus"]
[Result "1-0"]
[WhiteElo "2171"]
[BlackElo "1807"]
[PlyCount "99"]
[EventDate "2009.12.26"]
[EventType "swiss"]
[EventRounds "9"]
[EventCountry "ESP"]
[SourceTitle "CBM 134 Extra"]
[Source "ChessBase"]
[SourceDate "2010.03.03"]
[SourceVersion "1"]
[SourceVersionDate "2010.03.03"]
[SourceQuality "1"]

1. Nf3 d5 2. d4 e6 3. c4 c6 4. Nc3 Nf6 5. e3 Nbd7 6. Bd3 dxc4 7. Bxc4 Nb6 8. Bb3 c5 9. 0-0 Bd7 10. Ne5 cxd4 11. Qxd4 Bc6 12. Nxc6 bxc6 13. Rd1 Qxd4 14. Rxd4 Bc5 15. Rd1 0-0 16. Bd2 Rfd8 17. Rac1 Be7 18. Kf1 a5 19. Na4 Nxa4 20. Bxa4 c5 21. Ke2 Nd5 22. Be1 Rdb8 23. b3 Rd8 24. g3 Nb4 25. a3 Rxd1 26. Rxd1 Nc2 27. Bc3 Nxa3 28. Rd7 Nb1 29. Bb2 Bf6 30. Bxf6 gxf6 31. Kd3 Rb8 32. Rc7 Rd8+ 33. Bd7 Na3 34. Kc3 Nb1+ 35. Kc2 Na3+ 36. Kb2 Nb5 37. Bxb5 Rd2+ 38. Kc3 Rxf2 39. Be8 Rxh2 40. Bxf7+ Kg7 41. Bxe6+ Kg6 42. Rxc5 Rg2 43. Bf5+ Kg7 44. g4 Re2 45. Kd3 Rb2 46. Kc4 Re2 47. Rxa5 Rxe3 48. Ra7+ Kh8 49. Rxh7+ Kg8 50. Rd7 1-0

[Event "Benidorm op U2300 08th"]
[Site "Benidorm"]
[Date "2009.12.05"]
[Round "8"]
[White "Lillo Castany, Victor"]
[Black "Acebal Muniz, Antonio"]
[Result "1-0"]
[WhiteElo "2314"]
[BlackElo "2149"]
[PlyCount "98"]
[EventDate "2009.11.28"]
[EventType "swiss"]
[EventRounds "10"]
[EventCountry "ESP"]
[SourceTitle "CBM 133 Extra"]
[Source "ChessBase"]
[SourceDate "2010.01.05"]
[SourceVersion "1"]
[SourceVersionDate "2010.01.05"]
[SourceQuality "1"]

1. e4 e5 2. Nf3 Nc6 3. d4 exd4 4. Nxd4 Qf6 5. Be3 Bc5 6. c3 Nge7 7. Bc4 Ne5 8. Be2 Qg6 9. 0-0 d5 10. Bh5 Qxe4 11. Nd2 Qd3 12. Re1 0-0 13. Bf4 Bxd4 14. cxd4 N5c6 15. Nb3 Bf5 16. Qxd3 Bxd3 17. Bxc7 Rfc8 18. Bf4 b6 19. h3 Nf5 20. Bg4 g6 21. Nc1 Be4 22. Ne2 Nb4 23. f3 Bd3 24. Nc1 h5 25. Rd1 Bc2 26. Bxf5 Bxf5 27. Ne2 Rc2 28. Rd2 Rac8 29. Nc3 Rxd2 30. Bxd2 Nc2 31. Rd1 Be6 32. Bf4 Rc4 33. Be5 Nb4 34. a3 Nc6 35. Rd2 Kf8 36. Bf6 Ke8 37. Kf2 Kd7 38. Ke3 Na5 39. Kf4 a6 40. g4 hxg4 41. hxg4 b5 42. Kg5 b4 43. Na4 Kc6 44. Nc5 Bc8 45. b3 Rc1 46. axb4 Nb7 47. Nxa6 Rc3 48. Nc5 Rxf3 49. Rd3 Nd6 1-0

[Event "Oviedo op 3rd"]
[Site "Oviedo"]
[Date "2008.07.29"]
[Round "7"]
[White "Acebal Muniz, Antonio"]
[Black "Martin Fernandez, Jorge"]
[Result "1-0"]
[WhiteElo "2158"]
[BlackElo "1935"]
[PlyCount "101"]
[EventDate "2008.07.23"]
[EventType "swiss"]
[EventRounds "9"]
[EventCountry "ESP"]
[SourceTitle "CBM 125 Extra"]
[Source "ChessBase"]
[SourceDate "2008.09.01"]
[SourceVersion "1"]
[SourceVersionDate "2008.09.01"]
[SourceQuality "1"]

1. Nf3 d5 2. d4 Nf6 3. c4 c6 4. Nc3 e6 5. e3 Bd6 6. Bd3 Nbd7 7. 0-0 0-0 8. e4 dxe4 9. Nxe4 Nxe4 10. Bxe4 h6 11. b3 f5 12. Bc2 e5 13. dxe5 Nxe5 14. Bb2 Nxf3+ 15. Qxf3 Qc7 16. h3 Be5 17. Bxe5 Qxe5 18. Rfe1 Qf6 19. Rad1 Be6 20. Rd6 Rae8 21. Qe3 Kf7 22. Qxa7 Qc3 23. Qe3 Qxe3 24. Rxe3 Bc8 25. Rxe8 Rxe8 26. Kf1 Ke7 27. Rd2 Kf6 28. f4 Be6 29. Kf2 g6 30. Bd1 Bc8 31. Bf3 g5 32. g3 Be6 33. a4 Ra8 34. Ke3 Ke7 35. Rd3 Ra5 36. Kd4 Kd6 37. Re3 Kd7 38. Re5 Ra8 39. Ke3 Kd6 40. Kf2 Ra6 41. Ke3 Ra8 42. Bg2 Rg8 43. c5+ Kd7 44. b4 Ke7 45. b5 cxb5 46. Bd5 Rg6 47. axb5 Kd7 48. Bxe6+ Rxe6 49. Rxe6 Kxe6 50. Kd4 g4 51. h4 1-0

[Event "Trevias San Miguel op"]
[Site "Trevias"]
[Date "2007.09.17"]
[Round "1.1"]
[White "Acebal Muniz, Antonio"]
[Black "Bajo Gutierrez, Ignacio"]
[Result "1-0"]
[WhiteElo "2203"]
[BlackElo "2231"]
[PlyCount "153"]
[EventDate "2007.09.17"]
[EventType "swiss"]
[EventRounds "7"]
[EventCountry "ESP"]
[SourceTitle "EXT 2024"]
[Source "ChessBase"]
[SourceDate "2023.10.10"]
[SourceVersion "1"]
[SourceVersionDate "2023.10.10"]
[SourceQuality "1"]

1. Nf3 c5 2. c4 Nf6 3. Nc3 Nc6 4. d4 cxd4 5. Nxd4 g6 6. e4 d6 7. Be2 Nxd4 8. Qxd4 Bg7 9. Be3 0-0 10. Qd2 Be6 11. Rc1 Rc8 12. b3 Qa5 13. 0-0 Rfe8 14. Rfd1 a6 15. f3 Nd7 16. Nd5 Qxd2 17. Rxd2 b5 18. Rdc2 bxc4 19. Bxc4 a5 20. Bb5 Rb8 21. Nc7 Red8 22. Kf1 d5 23. exd5 Bf5 24. Rd2 Be5 25. g4 Bxg4 26. fxg4 Bxc7 27. Rxc7 Rxb5 28. Bg5 f6 29. d6 e5 30. Be3 Kf7 31. Ke2 Ke6 32. Ra7 Rc8 33. Ra6 f5 34. Kf3 Rc3 35. gxf5+ gxf5 36. Ke2 f4 37. Bf2 e4 38. Bd4 Rc1 39. Ra8 Rh5 40. Re8+ Kf5 41. Bg1 Rh4 42. Rd5+ Kg4 43. Rg8+ Kh3 44. Rg7 Rc2+ 45. Rd2 Rxd2+ 46. Kxd2 e3+ 47. Ke2 Nc5 48. d7 Ne6 49. Re7 Nd4+ 50. Kd3 Nc6 51. Re6 Rh5 52. Rxc6 Rd5+ 53. Ke4 Rxd7 54. Kf3 h5 55. Kxf4 e2 56. Re6 Kg2 57. Rxe2+ Kxg1 58. Kg3 Kf1 59. Rb2 Ke1 60. Kh4 Rd5 61. Rg2 a4 62. bxa4 Ra5 63. Rb2 Kd1 64. h3 Kc1 65. Rg2 Kd1 66. Rg5 Rxa4+ 67. Kxh5 Ke2 68. Rf5 Ke3 69. h4 Rxa2 70. Kg6 Ke4 71. h5 Rh2 72. Rg5 Kf4 73. Rf5+ Ke4 74. Rg5 Kf4 75. h6 Rh1 76. Rf5+ Ke4 77. Rh5 1-0

[Event "Gijon op 2nd"]
[Site "Gijon"]
[Date "2007.06.28"]
[Round "5.3"]
[White "Acebal Muniz, Antonio"]
[Black "Gonzalez Menendez, Ivan"]
[Result "0-1"]
[WhiteElo "2203"]
[BlackElo "2401"]
[PlyCount "88"]
[EventDate "2007.06.25"]
[EventType "swiss"]
[EventRounds "8"]
[EventCountry "ESP"]
[SourceTitle "CBM 119 Extra"]
[Source "ChessBase"]
[SourceDate "2007.09.04"]
[SourceVersion "1"]
[SourceVersionDate "2007.09.04"]
[SourceQuality "1"]

1. Nf3 d5 2. d4 c6 3. c4 e6 4. Nc3 Nf6 5. cxd5 exd5 6. Bg5 Be7 7. Qc2 g6 8. e3 Bf5 9. Bd3 Bxd3 10. Qxd3 Nbd7 11. 0-0 0-0 12. Rab1 a5 13. Rfc1 Re8 14. Nd2 Ng4 15. Bxe7 Qxe7 16. Nf3 Ngf6 17. Nd2 Ng4 18. Nf3 Nh6 19. a3 Nf5 20. Na4 Nd6 21. Nc5 Nc4 22. Nxd7 Qxd7 23. Nd2 b5 24. Nf3 Qd6 25. Rc2 Reb8 26. Nd2 Rb6 27. Rbc1 Rab8 28. h3 Qf6 29. Re1 Kg7 30. Rec1 h6 31. Re1 g5 32. Rec1 R8b7 33. Re1 Qg6 34. Qxg6+ Kxg6 35. Rec1 a4 36. Kf1 Kf6 37. Ke2 Ke7 38. Kd3 Kd7 39. Re1 f6 40. Rec1 Na5 41. Rc5 Nc4 42. Rc2 f5 43. Kc3 Rb8 44. Kb4 Re8 0-1

[Event "Oviedo op"]
[Site "Oviedo"]
[Date "2006.07.07"]
[Round "7.8"]
[White "Acebal Muniz, Antonio"]
[Black "Prieto Perez, Rodrigo"]
[Result "1-0"]
[WhiteElo "2190"]
[BlackElo "1909"]
[PlyCount "61"]
[EventDate "2006.07.01"]
[EventType "swiss"]
[EventRounds "9"]
[EventCountry "ESP"]
[SourceTitle "CBM 113 Extra"]
[Source "ChessBase"]
[SourceDate "2006.09.14"]
[SourceVersion "1"]
[SourceVersionDate "2006.09.14"]
[SourceQuality "1"]

1. Nf3 f5 2. d4 Nf6 3. g3 e6 4. Bg2 Nc6 5. 0-0 b6 6. c4 Bb7 7. Nc3 Bd6 8. Qa4 0-0 9. Nb5 Ne4 10. Nxd6 cxd6 11. Qa3 Qf6 12. e3 Na5 13. b3 g5 14. Nd2 d5 15. cxd5 Ba6 16. Re1 Nxf2 17. Kxf2 f4 18. gxf4 gxf4 19. Nf3 Rac8 20. Kg1 Rc2 21. Kh1 fxe3 22. Rxe3 Qg7 23. Bd2 Bb7 24. Rg1 Bxd5 25. Bh3 Bxf3+ 26. Rxf3 Qxg1+ 27. Kxg1 Rxf3 28. Bg4 Rd3 29. Bh6 Kf7 30. Bh5+ Kf6 31. Qf8# 1-0

[Event "Oviedo op"]
[Site "Oviedo"]
[Date "2006.07.02"]
[Round "2.11"]
[White "Acebal Muniz, Antonio"]
[Black "Marcos Robles, Juan Antonio"]
[Result "1-0"]
[WhiteElo "2190"]
[BlackElo "1672"]
[PlyCount "37"]
[EventDate "2006.07.01"]
[EventType "swiss"]
[EventRounds "9"]
[EventCountry "ESP"]
[SourceTitle "CBM 113 Extra"]
[Source "ChessBase"]
[SourceDate "2006.09.14"]
[SourceVersion "1"]
[SourceVersionDate "2006.09.14"]
[SourceQuality "1"]

1. Nf3 Nf6 2. c4 g6 3. Nc3 d5 4. cxd5 Nxd5 5. Qa4+ Nc6 6. Ne5 Nxc3 7. bxc3 Bd7 8. Nxd7 Qxd7 9. Rb1 Nd8 10. Qe4 c6 11. d4 Bg7 12. Ba3 Bf6 13. e3 0-0 14. Bc4 Rb8 15. h4 h5 16. Qxg6+ Bg7 17. Qxh5 b5 18. Bd3 f5 19. g4 1-0

[Event "Asturias-ch"]
[Site "Oviedo"]
[Date "2004.04.03"]
[Round "9"]
[White "San Claudio Gonzalez, Francisco Javier"]
[Black "Acebal Muniz, Antonio"]
[Result "1/2-1/2"]
[WhiteElo "2280"]
[BlackElo "2240"]
[PlyCount "28"]
[EventDate "2004.02.21"]
[EventType "swiss"]
[EventRounds "11"]
[EventCountry "ESP"]
[SourceTitle "EXT 2005"]
[Source "ChessBase"]
[SourceDate "2004.11.15"]
[SourceVersion "1"]
[SourceVersionDate "2004.11.15"]
[SourceQuality "1"]

1. e4 e5 2. f4 Qh4+ 3. g3 Qe7 4. d3 d5 5. Nc3 dxe4 6. dxe4 c6 7. fxe5 Nd7 8. Nf3 Nxe5 9. Bf4 Bg4 10. Bxe5 Bxf3 11. Qxf3 Qxe5 12. 0-0-0 Nf6 13. Qf5 Qxf5 14. exf5 Bb4 1/2-1/2

[Event "Asturias-ch"]
[Site "Oviedo"]
[Date "2004.03.27"]
[Round "8"]
[White "Acebal Muniz, Antonio"]
[Black "Suarez Real, Alberto"]
[Result "1-0"]
[WhiteElo "2240"]
[BlackElo "2279"]
[PlyCount "55"]
[EventDate "2004.02.21"]
[EventType "swiss"]
[EventRounds "11"]
[EventCountry "ESP"]
[SourceTitle "EXT 2005"]
[Source "ChessBase"]
[SourceDate "2004.11.15"]
[SourceVersion "1"]
[SourceVersionDate "2004.11.15"]
[SourceQuality "1"]

1. Nf3 g6 2. c4 Bg7 3. d4 c5 4. e4 Qa5+ 5. Nc3 Nc6 6. Be3 Nf6 7. Qd2 Ng4 8. Nd5 Qxd2+ 9. Bxd2 Nxd4 10. Nxd4 Bxd4 11. Be2 Nxf2 12. Rf1 Nxe4 13. Nc7+ Kd8 14. Nxa8 Nxd2 15. Kxd2 b5 16. Rxf7 bxc4 17. Raf1 Bf6 18. R1xf6 exf6 19. Bf3 f5 20. Kc3 Ba6 21. h4 Kc8 22. h5 Bb7 23. h6 d5 24. Nc7 Rd8 25. Rxh7 d4+ 26. Kd2 Bxf3 27. gxf3 g5 28. Rg7 1-0